000 00634cam a22002053a 4500
001 44639
003 PGUSA
005 20140828084023.0
008 140109s2014||||xxu|||||s|||||000 | eng d
040 _aPGUSA
_beng
042 _adc
100 1 _aRaabe, Wilhelm,
_d1831-1910
245 1 0 _aDer Junkervon Denow / Ein Geheimnis / Ein Besuch / Auf dem Altenteil :
_bErzählungen
_h[electronic resource] /
_cWilhelm Raabe
260 _bProject Gutenberg,
_c2014
506 _aPublic domain in the USA.
516 _aElectronic text
830 0 _aProject Gutenberg
_v44639
856 4 0 _uhttp://www.gutenberg.org/ebooks/44639
942 _cEB
999 _c273890
_d273890